000 00417nam a2200181Ia 4500
001 7490
005 20260306160459.0
008 260306t2011||||xx |||||||||||||| ||spa||
041 _aESP
082 _a339
_bL26
100 _aLarraín B., Felipe
_eAUT
245 0 _aMacroeconomía para todos
260 _c2011
300 _a203 páginas :
_c23 cm.
650 _aGEN
654 _aCAN
942 _cLIB
_dJUS
_fJUS
_2ddc
_n
999 _c7490
_d7490